[Event "ESP-ch Amateurs U1700"]
[Site "Murcia"]
[Date "2022.08.30"]
[Round "1.3"]
[White "Ortiz Canto, Antonio Pascual"]
[Black "Fernandez Ballester, Antonio F"]
[Result "1-0"]
[WhiteElo "1667"]
[BlackElo "1409"]
[PlyCount "89"]
[EventDate "2022.08.30"]
[EventType "swiss"]
[EventRounds "9"]
[EventCountry "ESP"]
[SourceTitle "EXT 2024"]
[Source "ChessBase"]
[SourceDate "2023.10.10"]
[SourceVersion "1"]
[SourceVersionDate "2023.10.10"]
[SourceQuality "1"]

1. e4 g6 2. Bc4 Bg7 3. Nf3 d6 4. h3 Nf6 5. d3 0-0 6. Nc3 e5 7. Bg5 Nbd7 8. Qd2 c6 9. Bh6 Nb6 10. Bb3 Re8 11. Bxg7 Kxg7 12. Ng5 Re7 13. 0-0 h6 14. Nxf7 Rxf7 15. Bxf7 Kxf7 16. Qxh6 Qf8 17. Qh4 Nh5 18. Ne2 Qe7 19. Qxe7+ Kxe7 20. f4 exf4 21. Nxf4 Nxf4 22. Rxf4 Be6 23. Raf1 Nd7 24. b3 Rh8 25. d4 Rf8 26. Rxf8 Nxf8 27. Kf2 Nd7 28. Ke3 Nf6 29. Kf4 Nh7 30. c4 Bd7 31. h4 a6 32. Rf3 Kf6 33. Rg3 Be8 34. Rd3 Ke7 35. Re3 b6 36. g4 a5 37. e5 Bf7 38. e6 Bg8 39. d5 c5 40. g5 Nf8 41. Kg4 Bh7 42. Rf3 Bg8 43. Rf6 Bh7 44. Rf7+ Ke8 45. Rb7 1-0